| 000 | 01931cam a22004694a 4500 | ||
|---|---|---|---|
| 999 |
_c57539 _d57539 |
||
| 001 | 15612611 | ||
| 005 | 20200702143836.0 | ||
| 008 | 090203s2010 nyuab b 001 0 eng | ||
| 010 | _a 2009004968 | ||
| 015 |
_aGBA8C1432 _2bnb |
||
| 016 | 7 |
_a101495238 _2DNLM |
|
| 016 | 7 |
_a014783029 _2Uk |
|
| 020 | _a9780815341420 | ||
| 020 | _a0815341423 | ||
| 035 | _a(OCoLC)ocn263295729 | ||
| 040 |
_aDNLM/DLC _cDLC _dYDX _dBTCTA _dBAKER _dNLM _dUKM _dOCLNG _dYDXCP _dCDX _dIXA _dDLC |
||
| 041 | _aeng | ||
| 042 | _apcc | ||
| 050 | 0 | 0 |
_aRC112 _b.C37 2010 |
| 080 | _a616.9 C-29 | ||
| 082 | 0 | 0 |
_a616.9 _222 |
| 245 | 0 | 0 |
_aCase studies in infectious disease / _cPeter M. Lydyard ... [et al.]. |
| 260 |
_aNew York : _bGarland Science, _cc2010. |
||
| 300 |
_aix, 598 p. : _bill. (some col.), maps (some col.) ; _c28 cm. |
||
| 504 | _aIncludes bibliographical references and index. | ||
| 650 | 0 |
_aCommunicable diseases _vCase studies. _99026 |
|
| 650 | 1 | 2 |
_aCommunicable Diseases _vCase Reports. _99027 |
| 650 | 2 | 2 |
_aBacterial Infections _vCase Reports. _99028 |
| 650 | 2 | 2 |
_aMycoses _vCase Reports. _99029 |
| 650 | 2 | 2 |
_aParasitic Diseases _vCase Reports. _99030 |
| 650 | 2 | 2 |
_aVirus Diseases _vCase Reports. _99031 |
| 653 | _aშემთხვევითი გამოკვლევები | ||
| 653 | _aინფექციური დაავადები | ||
| 700 | 1 |
_aLydyard, Peter M. _eავტორი _99032 |
|
| 700 | 1 |
_aCole, Michael _eავტორი _99033 |
|
| 700 | 1 |
_a Holton, John _eავტორი _99034 |
|
| 700 | 1 |
_aIrving, Will _eავტორი _99035 |
|
| 856 | 4 | 2 |
_3Contributor biographical information _uhttp://www.loc.gov/catdir/enhancements/fy1102/2009004968-b.html |
| 906 |
_a7 _bcbc _corignew _d1 _eecip _f20 _gy-gencatlg |
||
| 942 |
_2udc _cBK |
||
| 955 |
_axh03 2009-2-6 _ard13 2009-02-06 _axe10 2010-03-11 1 copy rec'd., to CIP ver. _aBarcode 00265077882 returned from bindery 2010-04-13 |
||